تاريخ التمدن الاسلامي

Bibliographic Details
Main Author: زيدان, جرجي (Author)
Format: Book
Published: Bayrut : Dar al-Maktabah al-Hayah , 1982
Subjects:

MARC

LEADER 00000cam a2200000 7i4500
001 0000006725
005 20100118093000.0
008 021119s1982
090 0 0 |a DS36.85   |b .Z39 
100 0 |a زيدان, جرجي ,   |e author 
245 1 0 |a تاريخ التمدن الاسلامي   |c جرجي زيدان 
260 2 |a Bayrut :   |b Dar al-Maktabah al-Hayah ,   |c 1982 
300 |a 4 v. in 2 ;   |c 25 cm. 
650 0 |a Islamic civilization 
745 0 0 |a Tarikh al-tamaddun al-Islami 
999 |a 1000041925   |b Book   |c OPEN SHELF (30 DAYS)   |e Gong Badak Campus 
999 |a 1000041926   |b Book   |c OPEN SHELF (30 DAYS)   |e Gong Badak Campus